Statistics for Oceania Countries by Size

Click here to take the quiz!

General Stats

  • This quiz has been taken 47 times
  • The average score is 13 of 14

Answer Stats

Size in Square KilometersCountry% Correct
8.5 millionAustralia
97%
268,000New Zealand
97%
18,300Fiji
94%
21Nauru
94%
463,000Papua New Guinea
94%
466Palau
91%
28,400Solomon Islands
91%
26Tuvalu
91%
181Marshall Islands
88%
12,200Vanuatu
88%
811Kiribati
85%
702Micronesia
85%
750Tonga
85%
1,100Samoa
82%

Score Distribution

Percentile by Number Answered

Percent of People with Each Score

Your Score History

You have not taken this quiz